=LDR 00000nam 2200000 4500 =001 INLIS000000000004789 =005 20130612093049 =008 ***********************************Ind** =035 ##$$0010-061300000004789 =041 ##$$a Ind =082 ##$$a F Rom K =090 ##$$a F Rom K, Ani t =100 ##$$a ANIS =245 ##$$a Telur ajaib dan tiga cerita lainnya, Kak Anis =260 ##$$a 2000 $b Bandung =300 ##$$a 48 hlm., ilus., 28 cm =650 ##$$a FIKSI KANAK-KANAK =850 ##$$a NBPNMAT